00671nam a22002177a 450000500170000001000110001702000220002803500110005003700160006104000120007708200130008910000220010224500950012426000470021927000180026630000250028465000540030965000430036370000230040670000240042920170124110238.0 a744767 c00.00a0801955696 a744767 bCen Lib/Ret aDPLbEN a921bWIL aWiley, Jos.Harold aFrom nowhere to somewhere /cby Jos.Harold Wiley,Kenneth Jeffries [and] Charles T.Brooker  aPhiladelphia bChilton Book Company c1970 bPhiladelphia  aviii,132p.c20cm(Hb) aAfrican Americans -- Social conditions -- To 1964 aAfrican Americans -- Social conditions aJeffries, Kenneth  aBrooker, Charles T.